<?xml version="1.0" encoding="UTF-8"?>
<record
    xmlns:xsi="http://www.w3.org/2001/XMLSchema-instance"
    xsi:schemaLocation="http://www.loc.gov/MARC21/slim http://www.loc.gov/standards/marcxml/schema/MARC21slim.xsd"
    xmlns="http://www.loc.gov/MARC21/slim">

  <leader>00542cam a2200157 a 4500</leader>
  <datafield tag="040" ind1=" " ind2=" ">
    <subfield code="c">DLC</subfield>
  </datafield>
  <datafield tag="082" ind1=" " ind2=" ">
    <subfield code="a">442 1994 CDR C142 Or. </subfield>
  </datafield>
  <datafield tag="245" ind1="0" ind2="0">
    <subfield code="a">Guide to international aid and lending institutions.</subfield>
  </datafield>
  <datafield tag="250" ind1=" " ind2=" ">
    <subfield code="a">2nd ed. rev. &amp; updated.</subfield>
  </datafield>
  <datafield tag="260" ind1=" " ind2=" ">
    <subfield code="a">Phnom Penh :</subfield>
    <subfield code="b">Cambodia Development Resource Institute,</subfield>
    <subfield code="c">1994.</subfield>
  </datafield>
  <datafield tag="300" ind1=" " ind2=" ">
    <subfield code="a">iii, 268 p. ;</subfield>
    <subfield code="c">22 cm.</subfield>
  </datafield>
  <datafield tag="650" ind1=" " ind2="0">
    <subfield code="a">Economic assistance</subfield>
  </datafield>
  <datafield tag="650" ind1=" " ind2="0">
    <subfield code="a">Financial institutions</subfield>
  </datafield>
  <datafield tag="710" ind1="2" ind2=" ">
    <subfield code="a">Vidy&#x101;sth&#x101;n Pa&#x1E47;&#x1E6D;u&#x1E25; Pa&#x1E47;&#x1E6D;&#x101;l ni&#x1E45; Sr&#x101;vjr&#x101;v &#x1E6D;oemp&#x12B; Qabhiva&#x1E0D;&#x1E0D;hn &#x30A;Kambuj&#x101;.</subfield>
  </datafield>
  <datafield tag="942" ind1=" " ind2=" ">
    <subfield code="c">EK</subfield>
  </datafield>
  <datafield tag="999" ind1=" " ind2=" ">
    <subfield code="c">18313</subfield>
    <subfield code="d">18313</subfield>
  </datafield>
  <datafield tag="952" ind1=" " ind2=" ">
    <subfield code="0">0</subfield>
    <subfield code="1">0</subfield>
    <subfield code="4">0</subfield>
    <subfield code="6">442_199400000000000_CDR_C142_OR</subfield>
    <subfield code="7">0</subfield>
    <subfield code="9">82015</subfield>
    <subfield code="a">LBA</subfield>
    <subfield code="b">LBA</subfield>
    <subfield code="c">A142</subfield>
    <subfield code="d">2019-10-22</subfield>
    <subfield code="e">A35989</subfield>
    <subfield code="o">442 1994 CDR C142 Or.</subfield>
    <subfield code="r">2019-10-22</subfield>
    <subfield code="w">2019-10-22</subfield>
    <subfield code="y">EK</subfield>
  </datafield>
</record>
